000
00327cam a22001337a 4500
008
180718b1957 xxu||||| |||| 00| 0 eng d
082
_a
A7x62 H88
100
_a
Harris,George L.
245
_a
EGYPT
260
_a
New Heaven
_b
Human Relations Area
_c
1957
300
_a
370p.
440
_a
Country survey series
650
_a
Egypt
999
_c
413971
_d
413971